| 000 | 00350nam a2200121 i 4500 | ||
|---|---|---|---|
| 001 | bg | ||
| 245 | 0 |
_aTerminologia gospodarki magazynowej. _nCz. 1-3, _pBudownictwo magazynowe. Składowanie zapasów. Przechowywanie zapasów. |
|
| 260 |
_aPoznań, _c1974. |
||
| 040 | _cBPK | ||
| 041 | _apol | ||
| 942 | _cKS | ||
| 008 | s pl f |000 0 pol | ||
| 999 |
_c16709 _d16709 |
||
| 856 |
_uhttp://koha.tu.koszalin.pl/cgi-bin/koha/opac-detail.pl?biblionumber=16709 _yKatalog online BPK |
||